| 000 | 00000nam 2200000zi 4500 |
| 001 | 9.880026 |
| 003 | CaOODSP |
| 005 | 20221123120149 |
| 006 | m o d f |
| 007 | cr cn||||||||| |
| 008 | 191001t20192019onca ob f000 0 eng d |
| 040 | |aCaOODSP|beng|erda|cCaOODSP |
| 043 | |an-cn--- |
| 086 | 1 |aYM32-3/421-C65E-PDF |
| 100 | 1 |aPerez-Leclerc, Mayra, |eauthor. |
| 245 | 10|aBill C-65 : |ban Act to amend the Canada Labour Code (harassment and violence), the Parliamentary Employment and Staff Relations Act and the Budget Implementation Act, 2017, No. 1 / |cMayra Perez-Leclerc, Legal and Social Affairs Division, Parliamentary Information and Research Service. |
| 264 | 1|aOttawa, Canada : |bLibrary of Parliament = Bibliothèque du Parlement, |c2019. |
| 264 | 4|c©2019 |
| 300 | |a1 online resource (ii, 21, ii pages) : |bcolour illustration. |
| 336 | |atext|btxt|2rdacontent |
| 337 | |acomputer|bc|2rdamedia |
| 338 | |aonline resource|bcr|2rdacarrier |
| 490 | 1 |aLegislative summary ; |vno. 42-1-C65-E |
| 500 | |aIssued also in French under title: Projet de loi C-65 : Loi modifiant le Code canadien du travail (harcèlement et violence), la Loi sur les relations de travail au Parlement et la Loi n° 1 d'exécution du budget de 2017. |
| 500 | |aCover title. |
| 500 | |a"4 February 2019." |
| 500 | |aIssued also in HTML format. |
| 504 | |aIncludes bibliographical references (pages 17-21). |
| 692 | 07|2gccst|aLabour code |
| 692 | 07|2gccst|aHarassment |
| 692 | 07|2gccst|aWorkplace violence |
| 692 | 07|2gccst|aLegislation |
| 710 | 1 |aCanada. |bLibrary of Parliament. |
| 710 | 1 |aCanada. |bParliamentary Information and Research Service. |
| 775 | 08|tProjet de loi C-65 : |w(CaOODSP)9.880027 |
| 830 | #0|aLegislative summary (Canada. Parliamentary Information and Research Service)|vno. 42-1-C65-E.|w(CaOODSP)9.504770 |
| 856 | 40|qPDF|s1.20 MB|uhttps://publications.gc.ca/collections/collection_2019/bdp-lop/ls/YM32-3-421-C65-eng.pdf |
| 856 | 4 |qHTML|sN/A|uhttps://lop.parl.ca/sites/PublicWebsite/default/en_CA/ResearchPublications/LegislativeSummaries/421C65E |